=LDR 00000nam 2200000 4500 =001 INLIS000000000049752 =005 20170327090520.0 =006 =007 =008 =020 ##$$a 978-602-9434-51-4 =035 ##$$0010-031700000000197 =040 ##$$a NBPDMAT =082 ##$$a 371.9 =090 ##$$a 371.9 Sri b =100 ##$$a Sri Sularti =245 ##$$a Belajar bahasa : mengenalkan kata dan kalimat bagi ABK $c Sri Sularti, S.Pd. ; editor Qoni =260 ##$$a Yogyakarta $b Familia $c 2015 =300 ##$$a 72 hlm. $b ilus $c 19 cm. =500 ##$$a Bibliografi : hlm .72 =650 ##$$a Pendidikan Luar Biasa =700 ##$$a Qoni =850 ##$$a NBPDMAT